Statistiques concernant Le mot "Saint" dans les noms composés

Cliquez ici pour prendre le quiz!

Statistiques générales

  • Ce quiz a été pris 102 fois
  • Le résultat moyen est 25 sur 50

Statistiques - réponses

MotsSaintDéfinitions% Correct
BernardSaintGros chien dressé pour le sauvetage en montagne
90%
HélèneSainteIle célèbre pour la captivité de Napoléon jusqu'à sa mort
90%
ExupérySaintAviateur et écrivain français
84%
GermainSaintDu nom d'un célèbre club de foot parisien
84%
GlinglinSaintA une date indéterminée, qui n'arrivera jamais
84%
LazareSaintUne des grandes gares parisiennes
81%
MarinSaintEtat indépendant enclavé dans le territoire italien
81%
BarthélémySaintMassacre des protestants exécutés la nuit du 23 au 24 août 1572
80%
EspritSaintTroisième composante de la trinité
78%
DomingueSaintCapitale de la République Dominicaine
77%
ViergeSainteMarie, mère de Jésus
76%
NitoucheSaintePersonne qui se donne une apparence de sagesse et d'innocence
74%
TropezSaintStation balnéaire et touristique du Var fréquentée par la Jet-Set
74%
DenisSaintVille hôte du Stade de France de football
72%
JacquesSaintMollusque bivalve de la famille des Pectinidés ( Coquille .. )
72%
PèreSaintNom désignant le pape
71%
NazaireSaintAvant-port de Nantes
67%
SophieSainteEglise de Constantinople, chef-d'oeuvre de l'architecture byzantine
67%
MartinSaintCanal qui traverse Paris de la Villette à la Seine
66%
NectaireSaintFromage à pâte pressée et croûte moisie fabriqué en Auvergne
66%
CyrienSaintElève de l'école spéciale de Saint-Cyr
63%
PierreSaintPoisson à corps haut et comprimé des mers tempérées
63%
SiègeSaintEnsemble des organismes qui secondent le pape
58%
EmilionSaintVin de Bordeaux rouge ( vignoble du libournais )
56%
AllianceSainteUnion conclue entre les monarchies victorieuses de Napoléon en 1815
48%
AnneSainteHôpital parisien spécialisé en psychiatrie
47%
ClaudeSaintCentre français de fabrication des pipes
47%
MichelSaintBiscuiterie célèbre originaire de Loire-Atlantique
47%
SépulcreSaintTombeau du Christ selon la tradition chrétienne
47%
MarcellinSaintPetit fromage à pâte molle et à croûte moisie du Dauphiné
42%
GobainSaintGrande entreprise française spécialisée dans la fabrication et la commercialisation de matériaux de construction
41%
GuySaintNom usuel de la Chorée de Sydenham caractérisée par des mouvements involontaires ( Danse de ... )
40%
JustSaintHomme politique français surnommé l' "Archange" de la Terreur
37%
AndréSaintCroix en forme de X
34%
MaureSainteFromage de chèvre en forme de cylindre fabriqué en Touraine
34%
MoritzSaintStation de sports d'hiver suisse ( Grisons )
28%
FrusquinSaintEnsemble d'affaires personnelles et de vêtements , sans grande valeur.
27%
SimonismeSaintDoctrine du comte de Saint-Simon
26%
OmerSaintSes habitants sont les Audomarois
24%
BarbeSainteEntrepôt du matériel d'artillerie et des poudres sur les anciens navires de guerre
21%
AmourSaintVin d'un cru renommé du Beaujolais
19%
ElmeSaintPhénomène physique se manifestant par des lueurs aux extémités des navires ( Feu de ... )
19%
PaulinSaintFromage à pâte pressée et à croûte jaune-orange
18%
SeverSaintCommune des Landes dont les volailles sont renommées
13%
OfficeSaintTribunal de l’Inquisition de l’Église catholique romaine
9%
SynodeSaintConseil suprême de l'église russe de 1721 à 1917
9%
DizierSaintSes habitants sont les Bragards
8%
LoupSaintEvêque de Troyes et protecteur de sa cité face à Attila
8%
CrépinSaintEnsemble des outils et des fournitures nécessaires à un cordonnier
6%
PauliaSaintHerbe ornementale aux fleurs bleu-violet ou roses ( mot non composé: saint......... )
1%

Distribution des résultats

Percentile par nombre de réponses

% des personnes avec chaque résultat

Votre développement - résultats

Vous n’avez pas pris ce quiz